|
|
|
|
| LEADER |
00000nab a2200000 a 4500 |
| 001 |
vtls000442007 |
| 003 |
SK-MaSNL |
| 005 |
20260318140925.0 |
| 008 |
230223c1991 xo 0 eng |
| 015 |
|
|
|a SNBRB19rr/mm-uuuuu
|
| 035 |
|
|
|a CL0442137
|
| 035 |
|
|
|a urn:nbn:sk:snk-abbmf6
|
| 035 |
|
|
|a (urnnbn)urn:nbn:sk:snk:ar-a09u0d
|
| 035 |
|
|
|a (uuid)ccfddb48-bf1e-45db-958e-39d0a310d579
|
| 040 |
|
|
|a SNKBUCL
|b slo
|c SNKBUCL
|e AACR2
|
| 041 |
0 |
|
|a eng
|
| 044 |
|
|
|a xo
|c SK
|
| 080 |
|
|
|a 517.933:531.114
|2 1981
|
| 080 |
|
|
|a 531.114
|2 1981
|
| 100 |
1 |
|
|a Tudosie, Constantin
|4 aut
|9 1176434
|
| 245 |
1 |
0 |
|a Determination of higher order accelerations by direct additive and connexion functions
|c Constantin Tudosie
|
| 300 |
|
|
|b Res. angl., lit. 6 zázn. v angl., franc.
|
| 650 |
0 |
7 |
|a zrýchlenie vyššieho rádu
|2 snkbucl
|9 1182948
|
| 655 |
|
7 |
|a články z novín a časopisov
|2 snkbucl
|9 267496
|
| 773 |
0 |
|
|t Strojnícky časopis
|g Roč. 42, č. 4 (1991), s. 305-308
|
| 850 |
|
|
|a Slovenská národná knižnica v Martine
|a MTA001
|
| 852 |
|
|
|a SNK
|b KIS3GCP
|
| 958 |
|
|
|a OND
|
| 958 |
|
|
|a NB
|
| 958 |
|
|
|a RK
|
| 958 |
|
|
|a EUIPO
|
| 958 |
|
|
|a article15
|
| 992 |
|
|
|a RBX
|
| 999 |
|
|
|c 2048310
|d 2050240
|